000 00468nam a22001577a 4500
003 OSt
008 260424b |||||||| |||| 00| 0 eng d
082 _a635.63
_bS48E
100 _aSinha, Bipin Bihari
245 _aEffect of Plant Growth Regulators on Sex Expression sex-ratio and Yield in Cucumber (Cucumis sativus L.)
260 _aPusa, Samastipur
_bRAU
_c1993
300 _a72P.
502 _bMsc.
_d1993
650 _aVegetable and Floriculture
942 _2ddc
_cT
999 _c50179
_d50179